| 000 | 00000nam##2200000za#4500 |
| 001 | 9.587836 |
| 003 | CaOODSP |
| 005 | 20210624194828 |
| 007 | cr ||||||||||| |
| 008 | 150406|2000||||xxc|||||o f|0| 0 fre|d |
| 040 | |aCaOODSP|bfre |
| 041 | |aeng |
| 041 | |afre |
| 043 | |an-cn--- |
| 086 | 1 |aSP2-6/1999-PDF |
| 110 | 1 |aCanada. |bImprimeur de la Reine. |
| 245 | 10|aBanques, sociétés de fiducie et sociétés de prêt - soldes non réclamés : |h[ressource électronique]|bdéclarés au 31 décembre 1999 par les banques, les sociétés de fiducie et les sociétés de prêt |
| 260 | |aOttawa - Ontario : |bImprimeur de la Reine |c2000. |
| 300 | |a482p.|btableaux |
| 490 | 1 |aGazette du Canada, Partie I. Supplément|vLe 24 juin 2000 |
| 500 | |aSupplément à la Gazette du Canada, partie 1, le 24 juin 2000. |
| 590 | |a11-19-Supp|b2011-09-23 |
| 691 | 07|aOpération bancaire|2gcpds |
| 691 | 07|aInstitution financière|2gcpds |
| 776 | 0#|tBanks, trust companies and loan companies: unclaimed balances reported as at December 31, 1999 : |w(CaOODSP)9.533974 |
| 791 | |tBanks, trust companies and loan companies - unclaimed balances : |eeng|w(CaOODSP)9.587835 |
| 830 | #0|aGazette du Canada, partie I. Supplément ;|vLe 24 juin 2000|w(CaOODSP)9.500176 |
| 856 | 40|ahttp://publications.gc.ca|qPDF|s2.09 Mo|uhttps://publications.gc.ca/collections/Collection/SP2-6-1999.pdf|yLe 24 juin 2000 |